Asian Countries with Large Cities - Statistics

General Stats
  • This quiz has been taken 3,449 times
  • The average score is 15 of 16
Answer Stats
# City Country % Correct
13 Guangzhou, Shanghai, Beijing, Tianjin, Xiamen, Hangzhou, Wuhan, Shantou, Shenyang, Hong Kong, Chongqing, Nanjing, Xi'an China
100%
8 Delhi, Mumbai, Kolkata, Bengaluru, Chennai, Hyderabad, Ahmedabad, Poona India
99%
3 Tokyo, Osaka, Nagoya Japan
98%
1 Jakarta Indonesia
96%
2 Karachi, Lahore Pakistan
95%
1 Seoul South Korea
93%
1 Bangkok Thailand
93%
1 Ho Chi Minh City Vietnam
92%
1 Tehran Iran
91%
1 Kuala Lumpur Malaysia
90%
1 Dhaka Bangladesh
88%
1 Riyadh Saudi Arabia
88%
1 Manila Philippines
87%
1 Baghdad Iraq
86%
1 Singapore Singapore
81%
1 Taipei Taiwan
78%
No matching quizzes found
Score Distribution
Percent of People with Each Score
Percentile by Number Answered
Your Score History
You have not taken this quiz